مكتبة جامعة عجلون الوطنية

فهرس بحث المكتبة

Normal view MARC view
  • إبن نجيم، زين الدين بن إبراهيم؛ قرأه واعتنى به خالد محمد سعيد؛ مراجعة طه عبد الرءوف سعد

Entry Personal Name

Number of records used in: 1

001 - CONTROL NUMBER

  • control field: 44259

003 - CONTROL NUMBER IDENTIFIER

  • control field: JO-AjAnu

005 - DATE AND TIME OF LATEST TRANSACTION

  • control field: 20230606081329.0

008 - FIXED-LENGTH DATA ELEMENTS

  • fixed length control field: 230606|| aca||aabn | a|a d

040 ## - CATALOGING SOURCE

  • Original cataloging agency: JO-AjAnu
  • Transcribing agency: JO-AjAnu

100 ## - HEADING--PERSONAL NAME

  • Personal name: إبن نجيم، زين الدين بن إبراهيم؛ قرأه واعتنى به خالد محمد سعيد؛ مراجعة طه عبد الرءوف سعد

670 ## - SOURCE DATA FOUND

  • Source citation: Work cat.: (JO-AjAnu)22664: إبن نجيم، زين الدين بن إبراهيم؛ قرأه واعتنى به خالد محمد سعيد؛ مراجعة طه عبد الرءوف سعد, author, الأشباه والنظائر في قواعد وفروع فقه الحنفه ويليه وصية الإمام أبي حنفية النعمان